| 000 | 01784nam0a2200373 4500 | ||
|---|---|---|---|
| 001 | RU\NLR\bibl\83968 | ||
| 005 | 20260531072235.0 | ||
| 010 |
_a5-279-01669-1 _93000 |
||
| 021 |
_aRU _b2000-1776 _991 |
||
| 035 | _a(NLR Aleph) 000082007 | ||
| 090 |
_a456971 _c456971 |
||
| 100 | _a20000504d2000 |||y0rusy50 ca | ||
| 101 | 1 |
_arus _ceng |
|
| 102 | _aRU | ||
| 105 | _aa ||||||||| | ||
| 200 | 1 |
_aТеория бухгалтерского учета _e[Учеб.] _fЭ.С. Хендриксен, М.Ф. Ван Бреда _g[Пер. с англ. И.А. Смирновой _gПредисл. Я.В. Соколов] |
|
| 210 |
_aМ. _cФинансы и статистика _d2000 |
||
| 215 |
_a574 с. _cил. _d24 |
||
| 225 | 1 |
_aСерия по бухгалтерскому учету и аудиту UNCTC _fГл. ред. проф. Я.В. Соколов |
|
| 300 | _aЗагл. и авт. ориг.: Accounting theory / Eldon S. Hendriksen, Michael F. van Breda | ||
| 320 | _aБиблиогр. в конце глав | ||
| 454 | 0 |
_12001#$aAccounting theory$fEldon S. Hendriksen, Michael F. van Breda _tAccounting theory |
|
| 606 | 0 |
_aБухгалтерский учет _jРуководства, пособия и т.п. _xТеория _92076436 _3RU\NLR\auth\661251581 |
|
| 606 | 0 |
_aБухгалтерский учет _jУчебные издания _xТеория _92076436 _3RU\NLR\auth\661251581 |
|
| 686 | _aУ052.0я7 | ||
| 700 | 1 |
_aХендриксен _bЭ. С. _gЭлдон С. _4070 |
|
| 701 | 1 |
_4070 _8rus _7ca _aБреда _bМ. Ф. в. _gМихаэл Ф. ван _3RU\NLR\auth\779781 _9119588 |
|
| 801 | 0 |
_aRU _bNLR _c20000504 _gPSBO |
|
| 801 | 1 |
_aRU _bNLR _c20000504 |
|
| 830 | _aАвт. по кн. | ||
| 852 |
_aNLR _j2000-7/404 |
||
| 942 | _cBOOK | ||
| 980 | _aNB | ||